000 00304nam a22001337a 4500
008 180126b xxu||||| |||| 00| 0 eng d
020 _a9780385411165
041 _aeng
080 _22nd
_a37
100 _a47
101 _aEDU
245 _aWhat your grader needs to know
_cHirsch,E.D
942 _2udc
_cBK
999 _c41046
_d41046